Online
Catalog

Camino de perfección : (Record no. 8013)

MARC details
000 -CABECERA
campo de control de longitud fija 00630cam a2200193 a 4500
001 - NÚMERO DE CONTROL
campo de control 000008242
005 - FECHA Y HORA DE LA ÚLTIMA TRANSACCIÓN
campo de control 20200929161322.0
008 - DATOS DE LONGITUD FIJA--INFORMACIÓN GENERAL
campo de control de longitud fija 790613s1968 ve 000 e spa
040 ## - FUENTE DE LA CATALOGACIÓN
Centro catalogador/agencia de origen DO-SdBNP
Lengua de catalogación spa
Centro/agencia transcriptor BNPHU
082 ## - NÚMERO DE LA CLASIFICACIÓN DECIMAL DEWEY
Número de clasificación V864.3
Número de documento/Ítem D542c
100 1# - ENTRADA PRINCIPAL--NOMBRE DE PERSONA
Nombre de persona Díaz Rodríguez, Manuel,
Fechas asociadas al nombre 1871-1927.
9 (RLIN) 3961
245 10 - MENCIÓN DE TÍTULO
Título Camino de perfección :
Resto del título y otros ensayos /
Mención de responsabilidad, etc. Manuel Díaz Rodríguez.
260 ## - PUBLICACIÓN, DISTRIBUCIÓN, ETC.
Lugar de publicación, distribución, etc. Caracas,
-- Madrid :
Nombre del editor, distribuidor, etc. Edime,
Fecha de publicación, distribución, etc. 1968.
300 ## - DESCRIPCIÓN FÍSICA
Extensión 175 p. ;
Dimensiones 19 cm.
490 1# - MENCIÓN DE SERIE
Mención de serie Colección de bolsillo Edime
Designación de volumen o secuencia 58
650 #4 - PUNTO DE ACCESO ADICIONAL DE MATERIA--TÉRMINO DE MATERIA
Término de materia o nombre geográfico como elemento de entrada Ensayos venezolanos
9 (RLIN) 4376
650 #4 - PUNTO DE ACCESO ADICIONAL DE MATERIA--TÉRMINO DE MATERIA
Término de materia o nombre geográfico como elemento de entrada Literatura venezolana
9 (RLIN) 3816
650 #4 - PUNTO DE ACCESO ADICIONAL DE MATERIA--TÉRMINO DE MATERIA
Término de materia o nombre geográfico como elemento de entrada Autores venezolanos
9 (RLIN) 16628
Holdings
Estado de retiro Estado de pérdida Restricciones de uso No para préstamo Código de colección Localización permanente Ubicación/localización actual Ubicación en estantería Fecha de adquisición Número de inventario Total de préstamos Signatura topográfica completa Código de barras Fecha visto por última vez Precio válido a partir de Tipo de ítem Koha
      Excluido de préstamo Monografías: Libros y Folletos General General Depósito 15.09.2009 LF1   V864.3 D542c 8242-10 25.06.2020 25.06.2020 No se presta
        Monografías: Libros y Folletos Patrimonio Dominicano Patrimonio Dominicano Orden iniciada 25.05.2017 LF1   V864.3 D542c 8242-20 25.06.2020 25.06.2020 No se presta

Powered by Koha